Statistics for My Hero Academia Ultimate Plus Ultra Trivia Quiz

Click here to take the quiz!

General Stats

  • This quiz has been taken 59 times
  • The average score is 28 of 100

Answer Stats

QuestionAnswer% Correct
Who owns the forest where the U.A students go for summer camp?The Wild, Wild Pussycats
65%
In the final exams, who was paired up with IdaOjiro
57%
Who won the obstacle race in the Sports Festival?Midoriya
55%
What did the Pro Heroes pretend to deliver to the League of Villain's hideout?Pizza
55%
Which weapon did Mustard use against Tetsutetsu?A gun
51%
What is Kota and Mandalay's relationship?Nephew and Aunt
51%
Who did Kirishima and Sato fight in the final exams?Cementoss
49%
What is Mashirao Ojiro's hero name?Tailman
49%
Which Nomu tried to kidnap Izuku after the battle with Stain?Winged Nomu
45%
What were the final exams going to be before it switched to fights against the teachers?A fight against robots
43%
Who won the class rep election for class 1-A?Midoriya
43%
In the Quirk Apprehension Test, Izuku got the worst result. Who got the second worst?Mineta
43%
What's the name of the chef in U.A's cafeteria?Lunch Rush
41%
Which member of the Wild,Wild Pussycats has the 'Seacrh' quirk?Ragdoll
41%
Who did Tsuyu do her first internship with?Selkie
41%
What is the quirk of Izuku's dad?Firebreathing
39%
Who was Todoroki's partner in the battle trial?Mezo Shoji
39%
Who won the beauty contest in the Cultural FestivalNejire Hado
39%
Which student ended up alone during the battle of USJ?Ojiro
39%
What is Mei Hatsume's quirk?Zoom
39%
What's the name of the high school where Ms. Joke is a teacher?Ketsubusu Academy
37%
Which Class B student helped Momo escape from the Chainsaw Nomu?Yosetsu Awase
37%
After the sports festival, Todoroki received the most internships out of class 1-A. Who received the second most?Bakugo
35%
Which two character designs were submitted by fans as part of a constest?Bubble Girl and Centipeder
35%
What does Uraraka rush to buy in order to avoid being alone with Izuku at the mall?Bug spray
35%
What kind of product did Momo and Kendo do ad for with Uwabami?Hair Spray
35%
Which two Class 1-A students were the most affected by the sleeping gas during the attack?Jiro and Hagakure
35%
Which year of high school is Yo Shindo during the Provisional License ExamSecond Year
35%
While walking through Kyushu with Endeavor, Hawks stopped a man called Teruo Hazukashi from going on a rampage. What was this man's quirk?Shame, which made him stronger the more embarrassed he gets
35%
What happened to Uraraka's jacket during the battle in the forest?She used it to wrap up Deku's broken arms
35%
Who did Hagakure end up with during the battle at USJ?Todoroki
35%
How many internship offers did Deku receive after the sports festival?0
33%
Which body part does Shoto think he may endanger with his presence?Hands
33%
Which of these students was NOT in Hagakure's cavalry battle team in the sports festival?Minoru Mineta
33%
Which student did Shinsho insult in his fight with Deku?Ojiro
33%
Who did Ryukyu's team fight during the raid on Overhaul's base?Rikiya Katsukame
33%
How many Class 1-B students failed the final exams?1
31%
Which position did Deku's team end up in the cavalry battle in the sports festival?4th
31%
Who won Deku and Bakugo's rematch after the Provisional License Exam?Bakugo
31%
Who seats immediately in front of Deku in class?Bakugo
31%
Who was the last person to be classified in the obstacle race in the Sports Festival?Yuga Aoyama
31%
How many High-End Nomu did Mirko fight in Dr. Garaki's lab?5
29%
Which of these students made it to the second round of the tournament in the sports festival?Ashido
29%
What was the name of Tenko Shimura's sister?Hana
29%
Which of these characters wasn't on Class 1-A's dance team for the school festivalSero
29%
Who beat Ibara Shiozaki in the Sports Festival tournament?Tenya Ida
29%
What does Habuko Mongoose, Tsuyu's best friend from middle school, look like?A snake
27%
Who prevented Midnight from using her quirk on Gigantomachya?Compress
27%
What was the previous year's final event in the sports festival?Foam sword fighting
27%
What's the fourth user of One For All called?Hikage Shinomori
27%
Which of these girls has never physically attacked Mineta?Ochako Uraraka
27%
What is the forest where U.A students go for summer camp called?The Beast's Forest
27%
In his fight against Class 1-A, how did Momo try to stop Deku?With a sleep-inducing machine
27%
Which regiment does Twice lead in the Paranormal Liberation Front?Black
24%
Which hero did Uraraka saw smile as kid thanks to the cheers of the public, which left a big impression on her?Eel Boy
24%
What did Bakugo get in Class 1-A's Christmas gift exchange?Glasses
24%
What does Tiger's quirk, 'Pliabody', do?He can stretch
24%
Which of these students doesn't sit in the last row in class?Ida
24%
What did Mandalay do with her quirk to distract Spinner in the battle in the forest?She flirted with him
24%
Which team was Kaminari in for the cavalry battle in the sports festival?Team Todoroki
24%
Which rank was Mt. Lady in the latest pro hero rankings?23
22%
Which organ did Best Jeanist lose at Kamino?A lung
22%
What did Muscular put in his eye during his rematch with Deku?A piece of rubble
22%
How did Twice's parents die?A villain attack
22%
Who was the first Class B character to finish the obstacle race in the Sports Festival?Ibara Shiozaki
22%
Who did Bakugo fight in the second round of the tournament in the Sports Festival?Kirishima
22%
What is Re-Destro's real name?Rikiya Yotsubashi
22%
What does Tatami Nakagame's quirk, Telescopic, do?She can retract her body parts into herself
22%
Who did Koji Koda do his work studies with?Wash
22%
What is the violet regiment of the Paranormal Liberation From dedicated to?Guerrilla Warfare
20%
What is Toya Setsuno's quirk?Larceny
20%
What was Daigoro Banjo's hero name?Lariat
20%
Who is U.A.'s guidance counselor?Hound Dog
18%
What was the name of the Masegaki School kid that Camie accidentally 'seduced'?Sho
18%
How many years apart are Toya and Fuyumi Todoroki?1
16%
Which rank was Crust in the hero rankings previous to Endeavor becoming the #1 hero?6
16%
Which member of the Shie Hassaikai had the 'Sloshed' quirk?Deidoro Sakaki
16%
What was Chitose Kizuki's (also known as Curious) job ?Executive Director of Shoowaysha Publishing
16%
Who had the top score for recommended students in U.A?Inasa Yoarashi
16%
Who did Kaminari and Jiro fight against in the battle trial?Momo and Mineta
16%
What was the name of Toga's first love?Saito
16%
What was the official story for Lady Nagant's imprisonmentShe killed a fellow hero
16%
Who defeated Ending after he attacked the Todoroki household?Shoto
16%
What position was Gang Orca in the most recent hero rankings?12
14%
What is Kinoko Komori's hero name?Shemage
14%
Which Joint Training team was Yosetsu Awase in?Tokage's team
14%
Who restrained Overhaul after Eri's quirk went out of control?Uraraka
14%
Who was the first student to figure out Kurogiri's weakness?Uraraka
14%
How long did the 4th user of One For All have the quirk for?18
12%
What kind of animal was the cop talking to Gentle after he got arrested?A gorilla
12%
Which Paranormal Liberation Front regiment does Sliding Go belong to?Carmine
12%
Which of these Class 1-A students has a different hero name in the Japanese and English versions?Denki Kaminari
12%
What is Koku Hanabata's liberation code?Trumpet
12%
Which Joint Training team was Kirshima on?Tsuyu's team
12%
What's the name of Nejire Hado's best friend?Yuyu Haya
12%
Who did the best in the Quirk Apprehension testMomo Yaoyorozu
10%
In the fight against Gigantomachya, Kirishima had to use Mina's vial of sedative because his own was broken. Who broke it?Toga
8%
Which position did Uraraka get in the entrance exam3
4%
Who killed Eel Boy?Twice
4%
Who did finally knock Shigaraki out in the war against the Paranormal Liberation front?Nejire and Shoto
2%

Score Distribution

Percentile by Number Answered

Percent of People with Each Score

Your Score History

You have not taken this quiz